Library Banner

Clinical handbook of marital therapy / (Record no. 89581)

MARC details
000 -LEADER
fixed length control field 00623pam a2200205 a 4500
001 - CONTROL NUMBER
control field 1916120
005 - DATE AND TIME OF LATEST TRANSACTION
control field 20161231094302.0
008 - FIXED-LENGTH DATA ELEMENTS--GENERAL INFORMATION
fixed length control field 851227s1986 nyua b 001 0 eng c
020 ## - INTERNATIONAL STANDARD BOOK NUMBER
International Standard Book Number 0898620678
040 ## - CATALOGING SOURCE
Transcribing agency PK-LaUMT
082 00 - DEWEY DECIMAL CLASSIFICATION NUMBER
Classification number 616.89156
Edition number 19
Item number CLI-
245 00 - TITLE STATEMENT
Title Clinical handbook of marital therapy /
Statement of responsibility, etc edited by Neil S. Jacobson, Alan S. Gurman
260 ## - PUBLICATION, DISTRIBUTION, ETC. (IMPRINT)
Place of publication, distribution, etc New York :
Name of publisher, distributor, etc Guilford Press,
Date of publication, distribution, etc 1986
300 ## - PHYSICAL DESCRIPTION
Extent xiv, 657 p. :
Other physical details ill. ;
Dimensions 24 cm.
650 #0 - SUBJECT ADDED ENTRY--TOPICAL TERM
Topical term or geographic name as entry element Marital psychotherapy
General subdivision Handbooks, manuals, etc.
650 #2 - SUBJECT ADDED ENTRY--TOPICAL TERM
Topical term or geographic name as entry element Marital Therapy.
700 1# - ADDED ENTRY--PERSONAL NAME
Personal name Jacobson, Neil S.,
700 1# - ADDED ENTRY--PERSONAL NAME
Personal name Gurman, Alan S.
942 ## - ADDED ENTRY ELEMENTS (KOHA)
Koha item type Books
Holdings
Withdrawn status Lost status Damaged status Home library Current library Date acquired Full call number Barcode Date last seen Price effective from Koha item type
      UMT Main Campus UMT Main Campus 2016-12-31 616.89156 CLI- 104766 2021-02-08 2016-12-31 Books